Cukrovarníctvo sa prebúdza z letargie
Zmeny v správnej rade Slovenskej cukrovarníckej spoločnosti. Vývozné opatrenia na trhu s cukrom a zvýšenie ceny cukru na konkurencieschopnú úroveň. Snaha o zosúladenie ceny cukru a cukrovej repy. Máme prebytok cukru - memej sa bude siať. Príprava zmluvy medzi českými a slovenskými cukrovarmi.
Guardado en:
| Autor principal: | |
|---|---|
| Formato: | Libro |
| Lenguaje: | eslovaco |
| Materias: | |
| Etiquetas: |
Sin Etiquetas, Sea el primero en etiquetar este registro!
|
MARC
| LEADER | 00000nam a2200000 4500 | ||
|---|---|---|---|
| 001 | r030554 | ||
| 005 | 20230824094521.6 | ||
| 041 | 0 | |a slo | |
| 044 | |a SK | ||
| 245 | 1 | 0 | |a Cukrovarníctvo sa prebúdza z letargie |c Heinz Zemke |
| 520 | |a Zmeny v správnej rade Slovenskej cukrovarníckej spoločnosti. Vývozné opatrenia na trhu s cukrom a zvýšenie ceny cukru na konkurencieschopnú úroveň. Snaha o zosúladenie ceny cukru a cukrovej repy. Máme prebytok cukru - memej sa bude siať. Príprava zmluvy medzi českými a slovenskými cukrovarmi. | ||
| 610 | 2 | 0 | |a cukor |
| 610 | 2 | 0 | |a repa cukrová |
| 610 | 2 | 0 | |a cukrovarníctvo |
| 610 | 2 | 0 | |a trh |
| 610 | 2 | 0 | |a vývoz |
| 610 | 2 | 0 | |a vývoj cenový |
| 610 | 2 | 0 | |a poľnohospodárstvo |
| 610 | 2 | 0 | |a potravinárstvo |
| 610 | 2 | 0 | |a konkurencieschopnosť |
| 610 | 2 | 0 | |a Slovensko |
| 610 | 2 | 0 | |a Európska únia |
| 610 | 2 | 0 | |a Slovenský cukrovarnícky spolok |
| 610 | 2 | 0 | |a Juhocukor, a.s. Dunajská Streda |
| 610 | 2 | 0 | |a 1998 |
| 100 | 1 | |a Zemke, Heinz | |